Biblioteca ESET

Otra vuelta de tuerca. (Registro nro. 1333)

Detalles MARC
000 -CABECERA
fixed length control field 00738nam a22002537a 4500
003 - CONTROL NUMBER IDENTIFIER
control field AR-BeUNQ
005 - FECHA Y HORA DE LA ULTIMA TRANSACCION
control field 20250908134518.0
008 - ELEMENTOS DE LONGITUD FIJA-INFORMACION GENERAL
fixed length control field 250908b20132025|||||||drn||| 00| 0 spa d
022 ## - NUMERO INTERNACIONAL NORMALIZADO PARA REVISTAS
International Standard Serial Number 9788420676722
040 ## - FUENTE DE CATALOGACION
Agencia de catalogación original AR-BeUNQ
Idioma de catalogación ESPAÑOL
Agencia que realiza la transcripción AR-BeUNQ
Convenciones de la descripción aacr
082 ## - NUMERO DE CLASIFICACION DECIMAL DEWEYMBER
Número de la edición 21
Número de clasificación 823 JAM
100 10 - ASIENTO PRINCIPAL-NOMBRE PERSONAL
Nombre personal James, Henry
Títulos u otras palabras asociadas al nombre aut.
Fecha asociada al nombre 1916
245 ## - MENCION DE TITULO
Título Otra vuelta de tuerca.
Mención de responsabilidad, etc Henry James
Medio físico libro.
250 ## - MENCION DE EDICION
Mención de edición 3a.ed
260 ## - PUBLICACION, DISTRIBUCION, ETC.
Lugar de publicación, distribución, etc. Madrid :
Nombre del editor, distribuidor, etc. Alianza,
Fecha de publicación, distribución, etc 2013
300 10 - DESCRIPCION FISICA
Extensión 198 p.
Dimensiones 10x15 cm
500 ## - NOTA GENERAL
Nota general novela.
600 ## - ASIENTO SECUNDARIO DE MATERIA - NOMBRE PERSONAL
Nombre personal López Muñoz, Jose Luis
650 ## - ASIENTO SECUNDARIO DE MATERIA - TERMINO TEMATICO
Fuente del encabezamiento o términ tell
Término temático o nombre geográfico como elemento de entrada Novela
651 ## - ASIENTO SECUNDARIO DE MATERIA - NOMBRE GEOGRAFICO
Fuente del encabezamiento o término unescot
Nombre geográfico España
700 ## - ASIENTO SECUNDARIO - NOMBRE DE PERSONA
Personal name López Muñoz, Jose Luis
Relator term trad.
929 ## - DATOS DE ADQUISICION
Procedencia DONACION
Proveedor Fabián Hernández
Orden de compra 0
Precio 0
Fecha de recibido 18/1024
Patrimonio UNQ PAT0083995
Número de inventario 63514
942 ## - ELEMENTOS DE PUNTO DE ACCESO ADICIONAL (KOHA)
Tipo de ítem Koha Libros
Existencias
Estado de retiro Estado de pérdida Ubicación permanente Ubicación actual Ubicación en estantería Fecha de ingreso Total Checkouts Signatura topográfica completa Inventario Date last seen Tipo de ítem Koha Operador
    Biblioteca ESET - UNQ Biblioteca ESET - UNQ CIRCULACION 08/09/2025   823 JAM 63514 08/09/2025 Libros Gladys Alarcon

ESET UNQ

☏ 4365-7188
 Avenida República de Francia 1714 entre Doctor Kenny y Concordia, Ezpeleta, Bs As.
✉ secretaria_eset@unq.edu.ar

Con tecnología Koha